000 00626nam a2200205Ia 4500
003 GCL
008 140319s9999 xx 000 0 ara d
020 _a1674001977
040 _aGCL /
_cGCL
082 0 4 _a813.01
_bى ب
100 1 _aيوسف القعيد
245 1 0 _aالبكاء المستحيل /
_cيوسف القعيد
260 _aالقاهرة :
_bالهيئة المصرية العامة للكتاب ،
_c2000
300 _a181 ص ؛
_c19 سم
490 _aمكتبة الاسرة
_v0
650 0 4 _aالادب العربى
650 0 4 _aالقصص العربية
650 0 4 _aالادب
942 _2ddc
_cBK
999 _c210
_d210